1105 1607 1980 1269 1745 1268 1016 1319 1059 1460 1546 1399 1009 1009 1716 1695 1878 1168 1512 1680 1438 1728 1523 1608 1219 1634 1195 1843 1390 1345 1983 1929 1341 1718 1533 1109 1345 1425 1884 1450 1101 1868 1116 1500 1562 1613 1885 1404 1638 1078 1520 1142 1024 1733 1600 1010 1266 1998 1588 1889 1342 1693 1043 1453 1220 1852 1719 1605 1561 1652 1520 1863 1540 1168 1357 1277 1560 1928 1068 1284 1911 1028 1129 1373 1971 1853 1687 1276 1576 1356 1502 1633 1604 1665 1941 1961 1084 1480 1622 BCNSPRNW ULIB Ver.6.0+V

เปลี่ยนเป็นภาษาไทย

Change to English
 แสดงรายละเอียดบรรณานุกรม
  กลับหน้าหลัก

Brief Record : Get Marc (ISO 2709) : E-mail record : QR code < ปิดหน้าต่าง
LEADER : 00000nam 2200000uu 4500
001    13399124568
003     ULIB
008    150924s2558||||th 000 0 tha d
020    ^a9789740333586
060  4 ^aWY157.3^bช114ก
100    ^aชฎาภรณ์ วัฒนวิไล
245    ^aการพยาบาลสตรีที่มีภาวะฉุกเฉินในระยะตั้งครรภ์และคลอด/^cชฎาภรณ์ วัฒนวิไล
250    ^aพิมพ์ครั้งที่ 1
260    ^aกรุงเทพฯ :^bสำนักพิมพ์แห่งจุฬาลงกรณ์มหาวิทยาลัย,^c2558
300    ^a100 หน้า^bภาพประกอบ
650    ^aการพยาบาลสูติศาสตร์^xภาวะฉุกเฉิน
650    ^aสูติศาสตร์ฉุกเฉิน
945    ^p135^l0^i23195
945    ^p135^l0^i23194
945    ^p135^l0^i23193
945    ^p135^l0^i23192
945    ^p135^l0^i23191
999    ^aทศพร เกษรทอง
รายการนี้ยังไม่มีแท็ก
คุณยังไม่ได้ล็อกอิน คุณสามารถมีกิจกรรมร่วมกับเว็บไซต์ได้ แต่ต้องล็อกอินก่อน ::
  ล็อกอิน

รายการสื่อสารสนเทศ

ลำดับที่ ประเภท เลขเรียก/บาร์โค้ด สถานที่ สถานะ
1. Book การพยาบาล
Book การพยาบาล
สถานะ=หนังสือเก่า
WY157.3 ช114ก ฉ.1 
  Barcode: 23191
ห้องสมุดวิทยาเขตนครสวรรค์
►ส่วนจัดเก็บหนังสือเก่า นว.
บนชั้น
  ขอยืม
2. Book การพยาบาล
Book การพยาบาล
WY157.3 ช114ก ฉ.2 
  Barcode: 23192
ห้องสมุดวิทยาเขตนครสวรรค์
►ส่วนจัดเก็บหนังสือเก่า นว.
บนชั้น
  ขอยืม
3. Book การพยาบาล
Book การพยาบาล
WY157.3 ช114ก ฉ.3 
  Barcode: 23193
ห้องสมุดวิทยาเขตนครสวรรค์
►ส่วนจัดเก็บหนังสือเก่า นว.
ถูกยืม กำหนดส่งวันที่ 15 มิถุนายน 2569
  จอง
4. Book การพยาบาล
Book การพยาบาล
WY157.3 ช114ก ฉ.4 
  Barcode: 23194
ห้องสมุดวิทยาเขตนครสวรรค์
►ส่วนจัดเก็บหนังสือเก่า นว.
บนชั้น
  ขอยืม
5. Book การพยาบาล
Book การพยาบาล
WY157.3 ช114ก ฉ.5 
  Barcode: 23195
ห้องสมุดวิทยาเขตนครสวรรค์
►ส่วนจัดเก็บหนังสือเก่า นว.
บนชั้น
  ขอยืม

รายการใกล้เคียง
    ผู้แต่ง [ชฎาภรณ์ วัฒนวิไล]

    หัวเรื่อง [สูติศาสตร์ฉุกเฉิน]

BibComment


ยังไม่เคยถูกคอมเมนท์

คอมเมนท์ทรัพยากรรายการนี้
  คอมเมนท์: การพยาบาลสตรีที่..


 Copyright 2026. Bcnsprnw @Library